Biblioteca y Centro de Documentación

Medio ambiente en Europa (Registro nro. 13391)

Detalles MARC
000 -CABECERA
Longitud fija campo de control 02097nam a2200457 c 4500
001 - NÚMERO DE CONTROL
Número de control 13391
003 - IDENTIFICADOR DE NÚMERO DE CONTROL
Identificador del número de control ES-MaCES
005 - FECHA Y HORA DE LA ÚLTIMA TRANSACCIÓN
Fecha y hora de la última transacción 20160606135651.0
008 - CAMPO FIJO DE DESCRIPCIÓN FIJA--INFORMACIÓN GENERAL
Códigos de información de longitud fija   020225s2001 sp bd t o000 | spa d
017 ## - NÚMERO DE REGISTRO DE DERECHOS DE AUTOR Y DEPÓSITO LEGAL
Número de copyright o de depósito legal M 29162-2001
Agencia que asigna el número DL
020 ## - ISBN (INTERNATIONAL STANDARD BOOK NUMBER)
Número Internacional Normalizado para Libros (ISBN) 8483201429
024 7# - OTROS IDENTIFICADORES
Número normalizado o código 310-01-010-0
Fuente del número o código nipo
035 ## - NÚMERO DE CONTROL DEL SISTEMA
Número de control del sistema CES20020003193m
040 ## - FUENTE DE CATALOGACIÓN
Centro catalogador de origen ES-MaCES
Lengua de catalogación spa
Centro transcriptor ES-MaCES
041 1# - CÓDIGO DE IDIOMA
Código de lengua del texto;banda sonora o título independiente spa
Código de lengua original eng
245 00 - MENCIÓN DE TÍTULO
Título Medio ambiente en Europa
Resto del título : segunda evaluación : informe sobre los cambios registrados en el medio ambiente a escala paneuropea, como continuación del documento "Medio ambiente en Europa : el informe Dobris (1995)", solicitado por los ministros de Medio Ambiente de toda Europa para la preparación de la Cuarta Conferencia Ministerial celebrada en Aarhus, Dinamarca, en junio de 1998
Mención de responsabilidad, etc. Agencia Europea de Medio Ambiente
260 ## - PUBLICACIÓN, DISTRIBUCIÓN, ETC (PIE DE IMPRENTA)
Lugar de publicación, distribución, etc. [Madrid]
Nombre del editor, distribuidor, etc. Centro de Publicaciones, Ministerio de Medio Ambiente
Fecha de publicación, distribución, etc. 2001
300 ## - DESCRIPCIÓN FÍSICA
Extensión 293 p.
Otras características físicas gráf., mapas col.
Dimensiones 30 cm
500 ## - NOTA GENERAL
Nota general Traducción de: Europe's environment : the second assessment
500 ## - NOTA GENERAL
Nota general En la port., además: Ministerio de Medio Ambiente, Secretaría General de Medio Ambiente, Dirección General de Calidad y Evaluación Ambiental
500 ## - NOTA GENERAL
Nota general Índices
541 ## - NOTA DE LA FUENTE INMEDIANTE DE ADQUISICIÓN
Forma de adquisición Compra
650 #4 - ASIENTO SECUNDARIO DE MATERIA--TÉRMINO DE MATERIA
Término de materia o nombre geográfico como elemento inicial recursos naturales
9 (RLIN) 28718
650 #4 - ASIENTO SECUNDARIO DE MATERIA--TÉRMINO DE MATERIA
Término de materia o nombre geográfico como elemento inicial degradación del medio ambiente
9 (RLIN) 30722
650 #4 - ASIENTO SECUNDARIO DE MATERIA--TÉRMINO DE MATERIA
Término de materia o nombre geográfico como elemento inicial protección ambiental
9 (RLIN) 29423
650 #4 - ASIENTO SECUNDARIO DE MATERIA--TÉRMINO DE MATERIA
Término de materia o nombre geográfico como elemento inicial política ambiental
9 (RLIN) 29422
650 #4 - ASIENTO SECUNDARIO DE MATERIA--TÉRMINO DE MATERIA
Término de materia o nombre geográfico como elemento inicial Europa
9 (RLIN) 26940
650 #4 - ASIENTO SECUNDARIO DE MATERIA--TÉRMINO DE MATERIA
Término de materia o nombre geográfico como elemento inicial informe
9 (RLIN) 28986
650 #4 - ASIENTO SECUNDARIO DE MATERIA--TÉRMINO DE MATERIA
9 (RLIN) 30344
Término de materia o nombre geográfico como elemento inicial evaluación del impacto ambiental
650 #4 - ASIENTO SECUNDARIO DE MATERIA--TÉRMINO DE MATERIA
9 (RLIN) 28715
Término de materia o nombre geográfico como elemento inicial medio ambiente
653 10 - TÉRMINO DE INDEXACIÓN--NO CONTROLADO
Término no controlado Medio ambiente
710 1# - ENCABEZAMIENTO SECUNDARIO--NOMBRE CORPORATIVO
Nombre de entidad o nombre de jurisdicción como elemento inicial España
Unidad subordinada Ministerio de Medio Ambiente
Término indicativo de función ed.
9 (RLIN) 3259
710 2# - ENCABEZAMIENTO SECUNDARIO--NOMBRE CORPORATIVO
Nombre de entidad o nombre de jurisdicción como elemento inicial Agencia Europea de Medio Ambiente
9 (RLIN) 1259
710 1# - ENCABEZAMIENTO SECUNDARIO--NOMBRE CORPORATIVO
Nombre de entidad o nombre de jurisdicción como elemento inicial España
Unidad subordinada Dirección General de Calidad y Evaluación Ambiental
9 (RLIN) 2779
740 02 - ENCABEZAMIENTO SECUNDARIO--TÍTULO ANALÍTICO/RELACIONADO NO CONTROLADO
Título relacionado o analítico no controlado Europe's environment : the second assessment
787 0# - ENTRADA DE OTRAS ESPECIFICACIONES
Título Medio ambiente en Europa
Número de control del registro relacionado (ES-MaCES)17465
787 0# - ENTRADA DE OTRAS ESPECIFICACIONES
Título Medio ambiente en Europa
Número de control del registro relacionado (ES-MaCES)8432
902 ## - CES. TIPO DE DOCUMENTO
Tipodoc (006$c Sirtex) LIB Libro
942 ## - ELEMENTOS KOHA
Fuente de clasificaión o esquema Clasificación propia del CES
Koha [por defecto] tipo de item Monografías
Parte de clasificación 4.2.
Existencias
Número de registro Signatura completa Tipo de item de Koha
046303 SG-4.2.-21 Monografías
© CES, Consejo Económico y Social de España 2021